000 00717nam a2200205 i 4500
001 78355
003 ES-MaACL
005 20230906173652.0
007 t|
008 041013s1981 sp ||||1| spa d
100 1 _aHagege, Claude.
_961443
245 1 3 _aLa gramática generativa
_b: reflexiones críticas /
_cClaude Hagege ; versión, Gabriel Ter-Sakarian.
260 _aMadrid :
_bGredos,
_c[1981]
300 _a255 p. ;
_c20 cm.
490 1 _aBiblioteca románica hispánica. II. Estudios y ensayos ;
_v315
700 1 _aTer-Sakarian, Gabriel.
_9109720
830 0 _aBiblioteca románica hispánica. II. Estudios y ensayos ;
_v315
_9178108
852 _aES-MaACL
_jL-1685
_bR.102351
999 _c78355
_d78355